[Event "Lindores Abbey Tal Blitz 2021"]
[Site "Riga"]
[Date "2021.11.08"]
[Round "13.43"]
[White "Kuybokarov, Temur"]
[Black "Firat, Burak"]
[Result "1-0"]
[WhiteElo "2549"]
[BlackElo "2480"]
[Annotator "ChessBase"]
[PlyCount "59"]
[EventDate "2021.11.02"]
[EventType "swiss"]
[EventCountry "LAT"]
[SourceTitle "playchess.com"]
[Source "ChessBase"]
[SourceQuality "1"]

1. e4 c6 2. d4 d5 3. e5 c5 4. Nf3 cxd4 5. Qxd4 Nc6 6. Qf4 e6 7. Nc3 Nge7 8. Bd3
Ng6 9. Bxg6 hxg6 10. Be3 a6 11. O-O-O Be7 12. h4 Bd7 13. Kb1 Qc7 14. Na4 b5 15.
Nc5 Na5 16. Nd3 Rc8 17. c3 Nc4 18. Bd4 a5 19. Ng5 Bxg5 20. hxg5 Rg8 21. Bc5 b4
22. Rc1 Qb7 23. cxb4 axb4 24. Bxb4 Bb5 25. b3 Ra8 26. Nc5 Qa7 27. a4 Na5 28.
Bxa5 Qxa5 29. Nb7 Bd3+ 30. Kb2 1-0

[Event "Lindores Abbey Tal Blitz 2021"]
[Site "Riga"]
[Date "2021.11.08"]
[Round "13.44"]
[White "Meshkovs, Nikita"]
[Black "Miezis, Normunds"]
[Result "1-0"]
[WhiteElo "2557"]
[BlackElo "2446"]
[Annotator "ChessBase"]
[PlyCount "59"]
[EventDate "2021.11.02"]
[EventType "swiss"]
[EventCountry "LAT"]
[SourceTitle "playchess.com"]
[Source "ChessBase"]
[SourceQuality "1"]

1. Nf3 c5 2. c4 Nc6 3. d4 cxd4 4. Nxd4 Nf6 5. Nc3 e6 6. a3 Bc5 7. Nb3 Be7 8. g3
b6 9. Bg2 Bb7 10. Bf4 O-O 11. O-O Rc8 12. Rc1 Na5 13. Bxb7 Nxb7 14. Qd3 Nc5 15.
Nxc5 bxc5 16. e4 d6 17. Rfd1 e5 18. Bg5 Ne8 19. Bxe7 Qxe7 20. b4 cxb4 21. axb4
Qb7 22. Nd5 g6 23. c5 dxc5 24. bxc5 Kg7 25. Qc3 Rc6 26. Qxe5+ f6 27. Qd4 Nc7
28. Rb1 Nb5 29. Qc4 a6 30. Nf4 1-0

[Event "Lindores Abbey Tal Blitz 2021"]
[Site "Riga"]
[Date "2021.11.08"]
[Round "13.45"]
[White "Padmini, Rout"]
[Black "Tregubov, Pavel V."]
[Result "1-0"]
[WhiteElo "2353"]
[BlackElo "2537"]
[Annotator "TA"]
[PlyCount "155"]
[EventDate "2021.11.02"]
[EventType "swiss"]
[EventCountry "LAT"]
[SourceTitle "playchess.com"]
[Source "ChessBase"]
[SourceQuality "1"]

1. Nf3 Nf6 2. g3 c5 3. Bg2 Nc6 4. O-O e5 5. d3 d5 6. c4 d4 7. e3 Be7 8. exd4
exd4 9. Re1 O-O 10. Ne5 Nxe5 11. Rxe5 Bd6 12. Re1 h6 13. Nd2 Rb8 14. b4 b6 15.
b5 Bf5 16. Ne4 Nxe4 17. Bxe4 Qd7 18. Qf3 Bg4 19. Qg2 Rbe8 20. Bd2 Bh3 21. Qf3
Bg4 22. Qg2 Qc8 23. a4 a5 24. bxa6 Qxa6 25. Bc6 Rxe1+ 26. Rxe1 Qa7 27. Qe4 Be6
28. Qh4 Qc7 29. Be4 Qe7 30. Qxe7 Bxe7 31. Bf4 Bd7 32. Ra1 Bd8 33. a5 bxa5 34.
Bd6 Re8 35. Bxc5 f5 36. Bd5+ Be6 37. Bc6 Rf8 38. Bxf8 Kxf8 39. Re1 Kf7 40. Ba4
Be7 41. Re5 Bb4 42. Rb5 g5 43. Rb7+ Kf6 44. Rb6 Ke7 45. Kf1 f4 46. Ke2 fxg3 47.
fxg3 Bg4+ 48. Kf2 Bf5 49. Bc2 Be6 50. Ra6 h5 51. c5 h4 52. Ra7+ Kd8 53. c6
hxg3+ 54. hxg3 Bf5 55. Ke2 Bg4+ 56. Kf2 Bf5 57. Rf7 Be6 58. Rg7 Bd5 59. Ba4 Bd2
60. c7+ Kc8 61. Bb5 Bb7 62. g4 Be3+ 63. Ke2 Bf4 64. Bc4 Bxc7 65. Rxg5 a4 66.
Rg8+ Kd7 67. Rg7+ Kd8 68. g5 Bc6 69. g6 Be5 70. Ra7 Bd7 71. Kf3 Bf6 72. Kf4 Ke8
73. Bf7+ Kd8 74. Bd5 Ke8 75. Be4 Kd8 76. Bf5 Bc6 77. g7 Bd5 78. Bh7 1-0

[Event "Lindores Abbey Tal Blitz 2021"]
[Site "Riga"]
[Date "2021.11.08"]
[Round "13.46"]
[White "Munguntuul, Batkhuyag"]
[Black "Harika, Dronavalli"]
[Result "1-0"]
[WhiteElo "2433"]
[BlackElo "2511"]
[Annotator "ChessBase"]
[PlyCount "93"]
[EventDate "2021.11.02"]
[EventType "swiss"]
[EventCountry "LAT"]
[SourceTitle "playchess.com"]
[Source "ChessBase"]
[SourceQuality "1"]

1. e4 e5 2. Nf3 Nc6 3. Bb5 a6 4. Ba4 Bc5 5. Nc3 Nge7 6. O-O b5 7. Bb3 O-O 8. d3
d6 9. Nd5 h6 10. c3 Ba7 11. Be3 Kh8 12. Qd2 Ng8 13. h3 f5 14. exf5 Bxf5 15.
Bxa7 Rxa7 16. Ne3 Bh7 17. Bd5 Nce7 18. Be4 Ng6 19. d4 exd4 20. Nxd4 Qe8 21. Qc2
c5 22. Ndf5 Rf6 23. Rad1 Qe5 24. Ng4 Qf4 25. Nxf6 Nxf6 26. Nxd6 Qg5 27. f4 Qh5
28. Rde1 c4 29. Qf2 Rd7 30. Bf3 Qh4 31. Qxh4 Nxh4 32. Ne8 Bd3 33. Nxf6 gxf6 34.
Re8+ Kg7 35. Rf2 Ra7 36. Kh2 Nf5 37. Ra8 Re7 38. Rxa6 Re1 39. Ra7+ Kf8 40. g4
Ne3 41. Kg3 h5 42. Kh4 hxg4 43. hxg4 f5 44. gxf5 Nxf5+ 45. Kg5 Nd6 46. Rh2 Ne8
47. Rh8# 1-0

[Event "Lindores Abbey Tal Blitz 2021"]
[Site "Riga"]
[Date "2021.11.08"]
[Round "13.47"]
[White "Divya Deshmukh"]
[Black "Zhou, Jianchao"]
[Result "0-1"]
[WhiteElo "2310"]
[BlackElo "2616"]
[Annotator "TA"]
[PlyCount "76"]
[EventDate "2021.11.02"]
[EventType "swiss"]
[EventCountry "LAT"]
[SourceTitle "playchess.com"]
[Source "ChessBase"]
[SourceQuality "1"]

1. e4 e5 2. Nf3 Nc6 3. Nc3 Nf6 4. Bb5 Bd6 5. d3 a6 6. Ba4 O-O 7. Bg5 Re8 8. Qd2
Bf8 9. Nd5 Be7 10. Nxe7+ Qxe7 11. Bh4 d6 12. Bb3 Be6 13. Bxe6 Qxe6 14. h3 Nd7
15. O-O f5 16. Ng5 Qh6 17. Qc3 Nb6 18. Nf3 fxe4 19. dxe4 Rf8 20. Bg5 Qg6 21.
Be3 Rxf3 22. Qd2 Rxh3 23. Bxb6 cxb6 24. c3 Rh4 25. f3 Rf4 26. Rad1 Rf6 27. Qe3
b5 28. Qb6 Qf7 29. b3 Rf8 30. Rd2 h5 31. Rfd1 Qe7 32. c4 bxc4 33. bxc4 Nd4 34.
Rxd4 exd4 35. Rxd4 h4 36. Qb3 Qf7 37. Kh2 Qe6 38. Qxb7 Qe5+ 0-1

[Event "Lindores Abbey Tal Blitz 2021"]
[Site "Riga"]
[Date "2021.11.08"]
[Round "13.48"]
[White "Saduakassova, Dinara"]
[Black "Garifullina, Leya"]
[Result "1-0"]
[WhiteElo "2491"]
[BlackElo "2416"]
[Annotator "ChessBase"]
[PlyCount "92"]
[EventDate "2021.11.02"]
[EventType "swiss"]
[EventCountry "LAT"]
[SourceTitle "playchess.com"]
[Source "ChessBase"]
[SourceQuality "1"]

1. d4 Nf6 2. Nf3 d5 3. Bf4 c5 4. e3 Nc6 5. Nbd2 Bg4 6. c3 e6 7. h3 Bxf3 8. Nxf3
Bd6 9. dxc5 Bxc5 10. Bb5 O-O 11. O-O Bd6 12. Bg5 Be7 13. c4 Qb6 14. Qe2 h6 15.
Bh4 dxc4 16. Bxc4 Ne4 17. Bxe7 Nxe7 18. Rfd1 Rfd8 19. Bd3 Nc5 20. Bc2 Nd7 21.
Rac1 Rac8 22. Nd4 Nf8 23. Bb1 Rxc1 24. Rxc1 Rc8 25. Rxc8 Nxc8 26. Qb5 Qc7 27.
Qf1 Nd6 28. h4 h5 29. Qd1 g6 30. g3 Qb6 31. b3 Nb5 32. Nxb5 Qxb5 33. Be4 b6 34.
Qd4 Qd7 35. Qxd7 Nxd7 36. b4 Kf8 37. Kf1 Ke7 38. Ke2 Kd6 39. Kd3 a5 40. a3 axb4
41. axb4 Ne5+ 42. Kd4 Nd7 43. Kc4 Kc7 44. f4 Nf6 45. Bf3 Nd7 46. e4 e5 1-0

[Event "Lindores Abbey Tal Blitz 2021"]
[Site "Riga"]
[Date "2021.11.08"]
[Round "13.49"]
[White "Zhu, Jiner"]
[Black "Buksa, Nataliya"]
[Result "1-0"]
[WhiteElo "2455"]
[BlackElo "2410"]
[Annotator "ChessBase"]
[PlyCount "73"]
[EventDate "2021.11.02"]
[EventType "swiss"]
[EventCountry "LAT"]
[SourceTitle "playchess.com"]
[Source "ChessBase"]
[SourceQuality "1"]

1. e4 c5 2. Nf3 Nc6 3. d4 cxd4 4. Nxd4 Nf6 5. Nc3 e5 6. Ndb5 d6 7. Bg5 a6 8.
Na3 b5 9. Nd5 Be7 10. Bxf6 Bxf6 11. c4 b4 12. Nc2 O-O 13. g3 a5 14. b3 g6 15.
h4 Bg7 16. h5 Be6 17. Bh3 Bxh3 18. Rxh3 a4 19. Kf1 h6 20. Kg2 f5 21. hxg6 axb3
22. axb3 Rxa1 23. Qxa1 fxe4 24. Qe1 Rf3 25. Qxe4 Rxb3 26. Nce3 Nd4 27. Nf5 Nxf5
28. Qxf5 Qf8 29. Qe6+ Kh8 30. Ne3 Rxe3 31. fxe3 b3 32. Rh1 b2 33. Rb1 e4 34.
Qxe4 Be5 35. Qb7 Bg7 36. Rxb2 Bxb2 37. Qh7# 1-0

[Event "Lindores Abbey Tal Blitz 2021"]
[Site "Riga"]
[Date "2021.11.08"]
[Round "13.50"]
[White "Badelka, Olga"]
[Black "Kosteniuk, Alexandra"]
[Result "0-1"]
[WhiteElo "2438"]
[BlackElo "2518"]
[Annotator "ChessBase"]
[PlyCount "86"]
[EventDate "2021.11.02"]
[EventType "swiss"]
[EventCountry "LAT"]
[SourceTitle "playchess.com"]
[Source "ChessBase"]
[SourceQuality "1"]

1. c4 e5 2. g3 Nf6 3. Bg2 d5 4. cxd5 Nxd5 5. Nf3 Nc6 6. O-O Nb6 7. b3 Be7 8.
Bb2 f6 9. d4 exd4 10. Nxd4 Nxd4 11. Qxd4 Qxd4 12. Bxd4 c6 13. Nc3 Be6 14. a4
O-O-O 15. Be3 Kb8 16. a5 Nd5 17. Nxd5 Bxd5 18. Bxd5 Rxd5 19. a6 b6 20. Rfc1 Kc7
21. Rc4 Rhd8 22. Kg2 Rb5 23. Rac1 c5 24. b4 Rd5 25. bxc5 Bxc5 26. Rh4 h5 27. g4
Rb4 28. Kg3 Rxg4+ 29. Rxg4 hxg4 30. Kxg4 Kc6 31. Bf4 Kb5 32. e4 Rd7 33. f3 Kxa6
34. h4 Kb5 35. Kf5 a5 36. Kg6 Bd4 37. h5 a4 38. Rc7 Rxc7 39. Bxc7 a3 40. Kxg7
f5+ 41. e5 a2 42. h6 a1=Q 43. h7 Bxe5+ 0-1

[Event "Lindores Abbey Tal Blitz 2021"]
[Site "Riga"]
[Date "2021.11.08"]
[Round "13.51"]
[White "Batsiashvili, Nino"]
[Black "Socko, Monika"]
[Result "1/2-1/2"]
[WhiteElo "2491"]
[BlackElo "2393"]
[Annotator "ChessBase"]
[PlyCount "117"]
[EventDate "2021.11.02"]
[EventType "swiss"]
[EventCountry "LAT"]
[SourceTitle "playchess.com"]
[Source "ChessBase"]
[SourceQuality "1"]

1. d4 e6 2. c4 b6 3. e4 Bb4+ 4. Bd2 Bxd2+ 5. Nxd2 Ne7 6. Bd3 d6 7. f4 e5 8.
Ngf3 exf4 9. O-O Ng6 10. Qe2 O-O 11. e5 dxe5 12. dxe5 Nd7 13. e6 fxe6 14. Bxg6
hxg6 15. Qxe6+ Rf7 16. Qxg6 Qf6 17. Qe4 Rb8 18. Rae1 Bb7 19. Qc2 Rbf8 20. b4
Qf5 21. Qa4 a5 22. a3 axb4 23. axb4 Nf6 24. Re5 Qd3 25. Qb3 Qxb3 26. Nxb3 Ng4
27. Rg5 Ne3 28. Rc1 Bxf3 29. gxf3 Rd8 30. c5 Rfd7 31. cxb6 cxb6 32. Rb5 Rd3 33.
Rb1 Nc4 34. Rf5 Rxf3 35. Kg2 Rc3 36. Rxf4 Ne3+ 37. Kg1 Nc2 38. Rg4 Na3 39. Rb2
Rdd3 40. Nd4 Nc4 41. Rbg2 Rd1+ 42. Kf2 Rd2+ 43. Ke1 Rxg2 44. Rxg2 Ne3 45. Rg3
Nc2+ 46. Nxc2 Rxc2 47. Rg6 Rxh2 48. Rxb6 Kf7 49. b5 g5 50. Rb8 g4 51. Kf1 Rb2
52. b6 g3 53. Kg1 g2 54. Kh2 Ke7 55. b7 Kd7 56. Rh8 Rxb7 57. Rh7+ Kc6 58. Rxb7
Kxb7 59. Kxg2 1/2-1/2

[Event "Lindores Abbey Tal Blitz 2021"]
[Site "Riga"]
[Date "2021.11.08"]
[Round "13.52"]
[White "Budisavljevic, Luka"]
[Black "Rogule, Laura"]
[Result "1-0"]
[WhiteElo "2511"]
[BlackElo "2289"]
[Annotator "ChessBase"]
[PlyCount "44"]
[EventDate "2021.11.02"]
[EventType "swiss"]
[EventCountry "LAT"]
[SourceTitle "playchess.com"]
[Source "ChessBase"]
[SourceQuality "1"]

1. d4 d5 2. Bf4 Nf6 3. e3 c5 4. c3 Nc6 5. Nd2 Qb6 6. Qb3 c4 7. Qc2 Nh5 8. Bg5
h6 9. Bh4 g5 10. Be2 Ng7 11. Bg3 Bf5 12. e4 Bg6 13. h4 Nh5 14. Bxh5 Bxh5 15.
exd5 Bg6 16. Qc1 Na5 17. hxg5 Bg7 18. Ngf3 O-O-O 19. b4 cxb3 20. axb3 Rxd5 21.
O-O hxg5 22. c4 Rdd8 1-0

[Event "Lindores Abbey Tal Blitz 2021"]
[Site "Riga"]
[Date "2021.11.08"]
[Round "13.53"]
[White "Arabidze, Meri"]
[Black "Girya, Olga"]
[Result "0-1"]
[WhiteElo "2441"]
[BlackElo "2402"]
[Annotator "NA"]
[PlyCount "74"]
[EventDate "2021.11.02"]
[EventType "swiss"]
[EventCountry "LAT"]
[SourceTitle "playchess.com"]
[Source "ChessBase"]
[SourceQuality "1"]

1. Nf3 Nf6 2. g3 d5 3. Bg2 e6 4. O-O Be7 5. c4 O-O 6. b3 b6 7. Bb2 Bb7 8. d3 c5
9. cxd5 Nxd5 10. Nbd2 Nc6 11. Nc4 Bf6 12. Qc1 Bxb2 13. Qxb2 Qe7 14. a3 Rfd8 15.
Rfd1 b5 16. Ncd2 e5 17. Rac1 Rac8 18. Ne4 Nd4 19. Nh4 f5 20. Nc3 Nxc3 21. Rxc3
Bxg2 22. Kxg2 Qb7+ 23. Kg1 b4 24. axb4 cxb4 25. Rc4 Rxc4 26. bxc4 a5 27. e3
Nf3+ 28. Nxf3 Qxf3 29. Ra1 Rxd3 30. Qxe5 h5 31. h4 b3 32. Qxa5 b2 33. Rb1 Rd1+
34. Rxd1 Qxd1+ 35. Kh2 b1=Q 36. Qa8+ Kh7 37. Qc6 Qg1+ 0-1

[Event "Lindores Abbey Tal Blitz 2021"]
[Site "Riga"]
[Date "2021.11.08"]
[Round "13.54"]
[White "Atalik, Ekaterina"]
[Black "Shuvalova, Polina"]
[Result "0-1"]
[WhiteElo "2430"]
[BlackElo "2515"]
[Annotator "ChessBase"]
[PlyCount "100"]
[EventDate "2021.11.02"]
[EventType "swiss"]
[EventCountry "LAT"]
[SourceTitle "playchess.com"]
[Source "ChessBase"]
[SourceQuality "1"]

1. Nf3 Nf6 2. g3 d5 3. Bg2 g6 4. d4 Bg7 5. O-O c6 6. Nbd2 O-O 7. b3 Bf5 8. Bb2
Nbd7 9. Ne5 Nxe5 10. dxe5 Nd7 11. f4 Qb6+ 12. Kh1 Rfd8 13. Nf3 Be4 14. Bd4 c5
15. Bg1 Nf8 16. Ng5 Bxg2+ 17. Kxg2 h6 18. Nf3 Rac8 19. h4 h5 20. f5 gxf5 21.
Ng5 Qg6 22. Qd3 e6 23. Nf3 Nd7 24. Qe3 Bh6 25. Qf2 Bf4 26. Rad1 Nxe5 27. Nxe5
Bxe5 28. Qf3 Qg4 29. c4 d4 30. Rd3 b6 31. Rfd1 Bf6 32. e3 Qxf3+ 33. Kxf3 e5 34.
e4 fxe4+ 35. Kxe4 Bg7 36. Rf1 a6 37. Rf5 b5 38. Rxh5 Rb8 39. Rg5 f6 40. Rf5
bxc4 41. bxc4 Rb2 42. g4 Rg2 43. g5 Rg4+ 44. Kf3 Rxg1 45. gxf6 Rf1+ 46. Ke4
Re1+ 47. Kf3 e4+ 48. Kf2 exd3 49. Kxe1 Bh6 50. Kd1 Rb8 0-1

[Event "Lindores Abbey Tal Blitz 2021"]
[Site "Riga"]
[Date "2021.11.08"]
[Round "13.55"]
[White "Sukandar, Irine Kharisma"]
[Black "Zawadzka, Jolanta"]
[Result "0-1"]
[WhiteElo "2406"]
[BlackElo "2429"]
[Annotator "NA"]
[PlyCount "42"]
[EventDate "2021.11.02"]
[EventType "swiss"]
[EventCountry "LAT"]
[SourceTitle "playchess.com"]
[Source "ChessBase"]
[SourceQuality "1"]

1. d4 d5 2. Bf4 Nf6 3. e3 c5 4. Nd2 Nc6 5. Ngf3 e6 6. c3 Bd6 7. Bg3 O-O 8. Bb5
a6 9. Bxc6 bxc6 10. Qa4 cxd4 11. cxd4 Rb8 12. Bxd6 Qxd6 13. Nb3 Ne4 14. Rc1 Bd7
15. Ne5 Be8 16. f3 c5 17. dxc5 Qxe5 18. Qxa6 Nxc5 19. Nxc5 Qxe3+ 20. Kd1 Rxb2
21. Nb3 Ba4 0-1

[Event "Lindores Abbey Tal Blitz 2021"]
[Site "Riga"]
[Date "2021.11.08"]
[Round "13.56"]
[White "Vantika Agrawal"]
[Black "Lujan, Carolina"]
[Result "1/2-1/2"]
[WhiteElo "2329"]
[BlackElo "2340"]
[Annotator "NA"]
[PlyCount "94"]
[EventDate "2021.11.02"]
[EventType "swiss"]
[EventCountry "LAT"]
[SourceTitle "playchess.com"]
[Source "ChessBase"]
[SourceQuality "1"]

1. d4 Nf6 2. c4 g6 3. g3 Bg7 4. Bg2 d5 5. Nf3 dxc4 6. O-O O-O 7. Na3 c3 8. bxc3
c5 9. Ne5 Nc6 10. Nac4 Nd5 11. Bd2 cxd4 12. Nxc6 bxc6 13. cxd4 Ba6 14. Ne5 Rc8
15. Re1 c5 16. Qa4 Bxe5 17. dxe5 Nb6 18. Qc2 Nc4 19. Bc3 Qc7 20. Qa4 Qb6 21.
Bd5 Bb5 22. Qb3 Na5 23. Bxa5 Qxa5 24. e6 f6 25. a4 Bc6 26. Red1 Bxd5 27. Rxd5
Qb4 28. Rb1 Rb8 29. Qxb4 cxb4 30. Rb5 Rfc8 31. R1xb4 Rxb5 32. Rxb5 Rc6 33. Rb8+
Kg7 34. Rb7 Rxe6 35. Rxa7 Rxe2 36. Kg2 Ra2 37. a5 Kf7 38. h4 h5 39. Kf3 Ra3+
40. Ke4 Ra4+ 41. Kd5 g5 42. hxg5 fxg5 43. Ra8 h4 44. gxh4 gxh4 45. a6 h3 46.
Rh8 Rxa6 47. Rxh3 Ra8 1/2-1/2

[Event "Lindores Abbey Tal Blitz 2021"]
[Site "Riga"]
[Date "2021.11.08"]
[Round "13.57"]
[White "Maltsevskaya, Aleksandra"]
[Black "Eizaguerri Floris, Maria"]
[Result "1-0"]
[WhiteElo "2411"]
[BlackElo "2328"]
[Annotator "NA"]
[PlyCount "43"]
[EventDate "2021.11.02"]
[EventType "swiss"]
[EventCountry "LAT"]
[SourceTitle "playchess.com"]
[Source "ChessBase"]
[SourceQuality "1"]

1. e4 c5 2. Nf3 e6 3. d4 cxd4 4. Nxd4 Nc6 5. Nc3 a6 6. f4 Qc7 7. Nxc6 bxc6 8.
Bd3 d5 9. O-O Nf6 10. Qf3 Be7 11. Qg3 O-O 12. Kh1 c5 13. e5 Nd7 14. f5 Qxe5 15.
Bf4 Qf6 16. fxe6 Qxe6 17. Rae1 Qf6 18. Nxd5 Qxb2 19. Nxe7+ Kh8 20. Qh4 Nf6 21.
Be5 Qb4 22. Bxf6 1-0

[Event "Lindores Abbey Tal Blitz 2021"]
[Site "Riga"]
[Date "2021.11.08"]
[Round "13.58"]
[White "Bivol, Alina"]
[Black "Melia, Salome"]
[Result "0-1"]
[WhiteElo "2377"]
[BlackElo "2371"]
[Annotator "NA"]
[PlyCount "64"]
[EventDate "2021.11.02"]
[EventType "swiss"]
[EventCountry "LAT"]
[SourceTitle "playchess.com"]
[Source "ChessBase"]
[SourceQuality "1"]

1. e4 c5 2. Nf3 Nc6 3. Bb5 g6 4. O-O Bg7 5. c3 e5 6. d4 cxd4 7. cxd4 exd4 8.
Bf4 a6 9. Bc4 d6 10. Nbd2 Nf6 11. Nb3 O-O 12. Bg5 h6 13. Bxf6 Qxf6 14. Bd5 Bd7
15. Qd2 Rac8 16. Rac1 Bg4 17. Ne1 Be6 18. Nf3 Bg4 19. Ne1 h5 20. f4 Qd8 21. f5
Kh7 22. h3 Bh6 23. Qd3 Be3+ 24. Kh2 Ne5 25. Qb1 Bxc1 26. Nxc1 Qg5 27. Ncd3 Be2
28. Rf2 Bxd3 29. Nxd3 Qe3 30. Nxe5 Qxf2 31. Nd7 Qf4+ 32. g3 Qd2+ 0-1

[Event "Lindores Abbey Tal Blitz 2021"]
[Site "Riga"]
[Date "2021.11.08"]
[Round "13.59"]
[White "Arakhamia-Grant, Ketevan"]
[Black "Golsta, Madara"]
[Result "1-0"]
[WhiteElo "2362"]
[BlackElo "2003"]
[Annotator "NA"]
[PlyCount "113"]
[EventDate "2021.11.02"]
[EventType "swiss"]
[EventCountry "LAT"]
[SourceTitle "playchess.com"]
[Source "ChessBase"]
[SourceQuality "1"]

1. e4 c5 2. Nc3 d6 3. g3 g6 4. Bg2 Bg7 5. d3 Nc6 6. Be3 Nf6 7. h3 Rb8 8. Qd2 b5
9. Nge2 b4 10. Nd1 Bb7 11. O-O O-O 12. f4 e5 13. f5 a5 14. g4 Nd4 15. Ng3 Ba6
16. g5 Ne8 17. f6 Bh8 18. Nf2 h5 19. h4 Nc7 20. Qd1 Nce6 21. Nh3 Re8 22. c3
bxc3 23. bxc3 Nb5 24. Rc1 Nbc7 25. Nf2 Rb2 26. Rc2 Rxc2 27. Qxc2 d5 28. exd5
Nxd5 29. Bd2 Ndf4 30. Be4 c4 31. dxc4 Bxc4 32. Rb1 Qd6 33. Be3 Rb8 34. Rd1 Qc7
35. Qd2 Rd8 36. Qc2 Rxd1+ 37. Qxd1 Bxa2 38. Qa4 Bd5 39. Bxf4 Bxe4 40. Ngxe4
exf4 41. c4 Nf8 42. c5 Ne6 43. c6 Nd8 44. Qd4 Nxc6 45. Qc5 Qd7 46. Nd6 a4 47.
Nfe4 Nd8 48. Kf2 Qe6 49. Qb5 a3 50. Qa6 a2 51. Qa8 Qd7 52. Qxa2 Qh3 53. Qa4
Qxh4+ 54. Ke2 Qg4+ 55. Kd2 Qf5 56. Qe8+ Kh7 57. Nxf5 1-0

[Event "Lindores Abbey Tal Blitz 2021"]
[Site "Riga"]
[Date "2021.11.08"]
[Round "14.2"]
[White "Caruana, Fabiano"]
[Black "Onyshchuk, Volodymyr"]
[Result "1/2-1/2"]
[WhiteElo "2791"]
[BlackElo "2622"]
[Annotator "TA"]
[PlyCount "86"]
[EventDate "2021.11.02"]
[EventType "swiss"]
[EventCountry "LAT"]
[SourceTitle "playchess.com"]
[Source "ChessBase"]
[SourceQuality "1"]

1. c4 d6 2. Nc3 g6 3. g3 Bg7 4. Bg2 Nf6 5. d3 O-O 6. Nf3 e5 7. O-O Nc6 8. Rb1
a5 9. a3 Re8 10. Bg5 h6 11. Bxf6 Bxf6 12. b4 axb4 13. axb4 Bg7 14. b5 Ne7 15.
Nd2 c6 16. Qb3 Be6 17. Ra1 Rxa1 18. Rxa1 d5 19. bxc6 bxc6 20. cxd5 cxd5 21. Nb5
e4 22. d4 Qb6 23. e3 Rb8 24. Rb1 Nc6 25. Bf1 Bf8 26. Nc3 Qa5 27. Qc2 Rxb1 28.
Ndxb1 Nb4 29. Qa4 Qc7 30. Qb5 h5 31. h4 Bd6 32. Kg2 Kg7 33. Qa4 Qc8 34. Kg1 Qb8
35. Nb5 Be7 36. N1c3 Qb6 37. Qa7 Qxa7 38. Nxa7 Bd8 39. Bb5 Kf8 40. Nc6 Be7 41.
Nxe7 Kxe7 42. Kf1 Bd7 43. Be2 Kd6 1/2-1/2

[Event "Lindores Abbey Tal Blitz 2021"]
[Site "Riga"]
[Date "2021.11.08"]
[Round "14.3"]
[White "Martirosyan, Haik M."]
[Black "Aronian, Levon"]
[Result "1-0"]
[WhiteElo "2624"]
[BlackElo "2782"]
[Annotator "TA"]
[PlyCount "71"]
[EventDate "2021.11.02"]
[EventType "swiss"]
[EventCountry "LAT"]
[SourceTitle "playchess.com"]
[Source "ChessBase"]
[SourceQuality "1"]

1. d4 d5 2. c4 dxc4 3. e4 b5 4. a4 c6 5. axb5 cxb5 6. Nc3 Qb6 7. b3 e6 8. bxc4
Bb4 9. Bd2 bxc4 10. Bxc4 Ne7 11. Nge2 O-O 12. O-O a5 13. Be3 Qc7 14. Bd3 Ba6
15. Rc1 Qb7 16. d5 exd5 17. exd5 Rd8 18. Be4 Bxc3 19. Rxc3 Nd7 20. Bg5 Re8 21.
Qc2 Bxe2 22. Qxe2 Nxd5 23. Rd3 Qb5 24. Qf3 Ne5 25. Qh3 h6 26. Rxd5 Qc4 27. Rxe5
Rxe5 28. Bxa8 hxg5 29. g3 a4 30. Rd1 Re8 31. Bd5 Qe2 32. Qf1 Qxf1+ 33. Kxf1 Kf8
34. Ra1 Re5 35. Bc6 Rc5 36. Bxa4 1-0

[Event "Lindores Abbey Tal Blitz 2021"]
[Site "Riga"]
[Date "2021.11.08"]
[Round "14.4"]
[White "Adhiban, B.."]
[Black "Korobov, Anton"]
[Result "1/2-1/2"]
[WhiteElo "2672"]
[BlackElo "2684"]
[Annotator "TA"]
[PlyCount "167"]
[EventDate "2021.11.02"]
[EventType "swiss"]
[EventCountry "LAT"]
[SourceTitle "playchess.com"]
[Source "ChessBase"]
[SourceQuality "1"]

1. e4 c5 2. Nf3 d6 3. d4 cxd4 4. Nxd4 Nf6 5. Nc3 a6 6. Bg5 Nbd7 7. Qe2 Qa5 8.
Bd2 Qb6 9. Nb3 e6 10. g4 h6 11. h4 Qc7 12. Bg2 Ne5 13. g5 hxg5 14. hxg5 Rxh1+
15. Bxh1 Nfd7 16. O-O-O b5 17. f4 Nc4 18. g6 Ndb6 19. gxf7+ Qxf7 20. f5 e5 21.
Bf3 Kd8 22. Bg5+ Be7 23. Be3 Nxe3 24. Qxe3 Nc4 25. Qg1 Qf6 26. Kb1 Qg5 27. Qh1
Qh4 28. Qxh4 Bxh4 29. Be2 Bd7 30. Bxc4 bxc4 31. Na5 Rc8 32. Nb7+ Ke7 33. Nd5+
Kf8 34. Rh1 Bc6 35. Nxd6 Rd8 36. Nxc4 Bxd5 37. exd5 Rxd5 38. Ne3 Rd4 39. c3 Re4
40. Nd5 Kf7 41. Kc2 Bg5 42. Kd3 Rg4 43. b4 e4+ 44. Kd4 e3+ 45. Kd3 Rg2 46. Nxe3
Rxa2 47. Nd5 Rf2 48. Ke4 Re2+ 49. Kd4 Rd2+ 50. Ke5 Re2+ 51. Kd4 Rf2 52. Ra1
Rxf5 53. Rxa6 Bh4 54. b5 Rf1 55. b6 Bf2+ 56. Kc4 Rb1 57. Nb4 Bg3 58. b7 g5 59.
Ra7 Kf6 60. Ra8 g4 61. b8=Q Bxb8 62. Rxb8 Kf5 63. Rf8+ Ke4 64. Rg8 Kf3 65. Nd3
g3 66. Kd4 Rb7 67. c4 Rd7+ 68. Kc3 Re7 69. c5 g2 70. Kd4 Re4+ 71. Kd5 Re3 72.
Kd4 Re4+ 73. Kc3 Re7 74. Kd2 Re2+ 75. Kc3 Re7 76. c6 Re6 77. Kd4 Rd6+ 78. Kc3
Rxc6+ 79. Kd2 Rd6 80. Kc3 Rxd3+ 81. Kxd3 Kf2 82. Rf8+ Ke1 83. Rg8 Kf1 84. Ke4
1/2-1/2

[Event "Lindores Abbey Tal Blitz 2021"]
[Site "Riga"]
[Date "2021.11.08"]
[Round "14.5"]
[White "Svidler, Peter"]
[Black "Paravyan, David"]
[Result "1/2-1/2"]
[WhiteElo "2694"]
[BlackElo "2642"]
[Annotator "ChessBase"]
[PlyCount "142"]
[EventDate "2021.11.02"]
[EventType "swiss"]
[EventCountry "LAT"]
[SourceTitle "playchess.com"]
[Source "ChessBase"]
[SourceQuality "1"]

1. e4 e5 2. Nf3 Nc6 3. Bb5 f5 4. d3 fxe4 5. dxe4 Nf6 6. O-O Bc5 7. Nc3 O-O 8.
Be3 Bxe3 9. fxe3 d6 10. Bc4+ Kh8 11. Ng5 Bg4 12. Qe1 Qe8 13. Qh4 Qh5 14. Qxh5
Bxh5 15. Nb5 Nd8 16. Rac1 h6 17. Nxc7 Rc8 18. Nge6 Nxe6 19. Nxe6 Rfe8 20. Bd5
Bg4 21. Bxb7 Rb8 22. Nc7 Re7 23. Nd5 Rexb7 24. Nxf6 gxf6 25. Rxf6 Kg7 26. Rxd6
Rxb2 27. h3 Bh5 28. Ra6 Rb1 29. Rxb1 Rxb1+ 30. Kf2 Rb7 31. Ra5 Kf6 32. Ra6+ Kg7
33. Ra5 Re7 34. g4 Bg6 35. Kf3 Rf7+ 36. Ke2 Bxe4 37. Rxe5 Bxc2 38. Ra5 Be4 39.
Ra4 Bg2 40. h4 Bc6 41. Rf4 Rb7 42. Kd3 Bd5 43. a4 Be6 44. g5 h5 45. Kd4 Re7 46.
Rf6 Bf7 47. e4 Re6 48. e5 Rxf6 49. exf6+ Kg6 50. a5 a6 51. Ke5 Bb3 52. Kd6 Kf7
53. Ke5 Bc2 54. Kd6 Bb1 55. Ke5 Bd3 56. Kd6 Kg6 57. Ke7 Bc4 58. Ke8 Bd5 59. Ke7
Bf7 60. Kd6 Bc4 61. Ke7 Bb3 62. Ke8 Bd5 63. Ke7 Bc4 64. Ke8 Bg8 65. Ke7 Bf7 66.
Kf8 Be6 67. Ke7 Bb3 68. Ke8 Ba2 69. Ke7 Bb3 70. Ke8 Ba2 71. Ke7 Bb3 1/2-1/2